Sobre América Latina: viva la revolución!

Uloženo v:
Podrobná bibliografie
Hlavní autor: Hobsbawm, Eric (prefacio)
Médium: Kniha
Jazyk:španělština
Vydáno: Buenos Aires Crítica 2018
Vydání:1a. ed
Témata:
Tagy: Přidat tag
Žádné tagy, Buďte první, kdo vytvoří štítek k tomuto záznamu!

MARC

LEADER 00000cam a2200000 a 4500
001 UCC3682
003 CL-VaPUC
008 180531e20180400ag |||||||||||||||||spa|d
020 |a 9789874479037 
082 0 4 |a 980  |b HOB  |2 21 
100 |a Hobsbawm, Eric   |e prefacio  |9 500134 
245 1 0 |a Sobre América Latina: viva la revolución! 
250 |a 1a. ed 
300 |a 482 p 
942 |c BK 
945 |d 20180531 16:15:00  |a arojas 
260 |a Buenos Aires  |b Crítica  |c 2018 
650 0 |a Historia de América Latina   |9 421031 
650 0 |a Revoluciones  |9 255713 
650 0 |a Cambio social   |9 256857 
651 0 |a América Latina   |9 255027 
583 |a last modification  |c 20180531 16:15:00  |k Rodrigo Vera 
999 |c 371374  |d 371372 
952 |0 0  |1 0  |3 erb  |4 0  |6 980_000000000000000_HOB_2018  |7 0  |8 A  |9 488354  |a BIBHIS  |b BIBHIS  |i 5473403  |l 1  |o 980 HOB 2018  |p 5473403  |r 2025-01-20  |s 2022-03-28  |w 2019-11-24  |y BK  |z Catalogado en:20180531  |k HIS